PRESCOTT'S MICROBIOLOGY (Record no. 216707)
[ view plain ]
| 000 -LEADER | |
|---|---|
| fixed length control field | 00526nam a22001937a 4500 |
| 008 - FIXED-LENGTH DATA ELEMENTS--GENERAL INFORMATION | |
| fixed length control field | 260226b |||||||| |||| 00| 0 eng d |
| 020 ## - INTERNATIONAL STANDARD BOOK NUMBER | |
| International Standard Book Number | 978-1-265-12303-1 |
| 050 ## - LIBRARY OF CONGRESS CALL NUMBER | |
| Classification number | QR 41.2 .W55 2023 |
| Item number | 1 |
| 100 ## - MAIN ENTRY--PERSONAL NAME | |
| Personal name | WILLEY, JOANNE M. |
| 245 ## - TITLE STATEMENT | |
| Title | PRESCOTT'S MICROBIOLOGY |
| 250 ## - EDITION STATEMENT | |
| Edition statement | 12 |
| 260 ## - PUBLICATION, DISTRIBUTION, ETC. | |
| Place of publication, distribution, etc. | New york, |
| Name of publisher, distributor, etc. | McGraw Hill, |
| Date of publication, distribution, etc. | 2023, |
| 300 ## - PHYSICAL DESCRIPTION | |
| Extent | 911 P ,:ll |
| 500 ## - GENERAL NOTE | |
| General note | INCLUDES INDEX |
| 650 ## - SUBJECT ADDED ENTRY | |
| Topical term or geographic name entry element | Microbiological Phenomena |
| 700 ## - ADDED ENTRY--PERSONAL NAME | |
| Personal name | SANDMAN KATHLEEN M, WOOD DOROTHY H |
| 942 ## - ADDED ENTRY ELEMENTS (KOHA) | |
| Source of classification or shelving scheme | Library of Congress Classification |
| Koha item type | Long Loan Book |
| Withdrawn status | Lost status | Source of classification or shelving scheme | Damaged status | Not for loan | Collection | Home library | Current library | Shelving location | Date acquired | Inventory number | Total checkouts | Full call number | Barcode | Date last seen | Copy number | Price effective from | Koha item type |
|---|---|---|---|---|---|---|---|---|---|---|---|---|---|---|---|---|---|
| Library of Congress Classification | Science & Technology | Kisii University Library | Kisii University Library | On Display | 02/26/2026 | 111087 | QR 41.2 .W55 2023 | a000195 | 02/26/2026 | C.1 | 02/26/2026 | Long Loan Book | |||||
| Library of Congress Classification | Science & Technology | Kisii University Library | Kisii University Library | On Display | 02/26/2026 | 111088 | QR 41.2 .W55 2023 | a000193 | 02/26/2026 | C.2 | 02/26/2026 | Long Loan Book | |||||
| Library of Congress Classification | Science & Technology | Kisii University Library | Kisii University Library | On Display | 02/26/2026 | 111089 | QR 41.2 .W55 2023 | a000197 | 02/26/2026 | C.3 | 02/26/2026 | Long Loan Book | |||||
| Library of Congress Classification | Science & Technology | Kisii University Library | Kisii University Library | On Display | 02/26/2026 | 111090 | QR 41.2 .W55 2023 | a000194 | 02/26/2026 | C.4 | 02/26/2026 | Long Loan Book | |||||
| Library of Congress Classification | Science & Technology | Kisii University Library | Kisii University Library | On Display | 02/26/2026 | 111091 | QR 41.2 .W55 2023 | a000198 | 02/26/2026 | C.5 | 02/26/2026 | Long Loan Book |